Statistics for All English Top Flight Champions

Click here to take the quiz!

General Stats

  • This quiz has been taken 139 times
  • The average score is 112 of 123

Answer Stats

SeasonWinnerPoints% Correct
1900/01Liverpool45
100%
1976/77Liverpool (10)57
100%
1978/79Liverpool (11)68
100%
1979/80Liverpool (12)60
100%
1981/82Liverpool (13)87
100%
1982/83Liverpool (14)82
100%
1983/84Liverpool (15)80
100%
1985/86Liverpool (16)88
100%
1987/88Liverpool (17)90
100%
1989/90Liverpool (18)79
100%
2019/20Liverpool (19)99
100%
1905/06Liverpool (2)51
100%
1921/22Liverpool (3)57
100%
1922/23Liverpool (4)60
100%
1946/47Liverpool (5)57
100%
1963/64Liverpool (6)57
100%
1965/66Liverpool (7)61
100%
1972/73Liverpool (8)60
100%
1975/76Liverpool (9)60
100%
1936/37Manchester City57
100%
1967/68Manchester City (2)58
100%
2011/12Manchester City (3)89
100%
2013/14Manchester City (4)86
100%
2017/18Manchester City (5)100
100%
2018/19Manchester City (6)98
100%
2020/21Manchester City (7)86
100%
2021/22Manchester City (8)93
100%
1907/08Manchester United52
100%
1995/96Manchester United (10)82
100%
1996/97Manchester United (11)75
100%
1998/99Manchester United (12)79
100%
1999/00Manchester United (13)91
100%
2000/01Manchester United (14)80
100%
2002/03Manchester United (15)83
100%
2006/07Manchester United (16)89
100%
2007/08Manchester United (17)87
100%
2008/09Manchester United (18)90
100%
2010/11Manchester United (19)80
100%
1910/11Manchester United (2)52
100%
2012/13Manchester United (20)89
100%
1951/52Manchester United (3)57
100%
1955/56Manchester United (4)60
100%
1956/57Manchester United (5)64
100%
1964/65Manchester United (6)61
100%
1966/67Manchester United (7)60
100%
1992/93Manchester United (8)84
100%
1993/94Manchester United (9)92
100%
1930/31Arsenal66
99%
1990/91Arsenal (10)83
99%
1997/98Arsenal (11)78
99%
2001/02Arsenal (12)87
99%
2003/04Arsenal (13)90
99%
1932/33Arsenal (2)58
99%
1933/34Arsenal (3)59
99%
1934/35Arsenal (4)58
99%
1937/38Arsenal (5)52
99%
1947/48Arsenal (6)59
99%
1952/53Arsenal (7)54
99%
1970/71Arsenal (8)65
99%
1988/89Arsenal (9)76
99%
1954/55Chelsea52
98%
2004/05Chelsea (2)95
98%
2005/06Chelsea (3)91
98%
2009/10Chelsea (4)86
98%
2014/15Chelsea (5)87
98%
2016/17Chelsea (6)93
98%
2015/16Leicester City81
96%
1911/12Blackburn Rovers49
94%
1913/14Blackburn Rovers (2)51
94%
1994/95Blackburn Rovers (3)89
94%
1968/69Leeds United67
92%
1973/74Leeds United (2)62
92%
1991/92Leeds United (3)82
92%
1890/91Everton29
91%
1914/15Everton (2)46
91%
1927/28Everton (3)53
91%
1931/32Everton (4)56
91%
1938/39Everton (5)59
91%
1962/63Everton (6)61
91%
1969/70Everton (7)66
91%
1984/85Everton (8)90
91%
1986/87Everton (9)86
91%
1904/05Newcastle United48
90%
1906/07Newcastle United (2)51
90%
1908/09Newcastle United (3)53
90%
1926/27Newcastle United (4)56
90%
1893/94Aston Villa44
88%
1895/96Aston Villa (2)45
88%
1896/97Aston Villa (3)47
88%
1898/99Aston Villa (4)45
88%
1899/00Aston Villa (5)50
88%
1909/10Aston Villa (6)53
88%
1980/81Aston Villa (7)60
88%
1950/51Tottenham Hotspur60
88%
1960/61Tottenham Hotspur (2)66
88%
1977/78Nottingham Forest64
87%
1891/92Sunderland42
87%
1892/93Sunderland (2)48
87%
1894/95Sunderland (3)47
87%
1901/02Sunderland (4)44
87%
1912/13Sunderland (5)54
87%
1935/36Sunderland (6)56
87%
1929/30Sheffield Wednesday (4)60
76%
1902/03The Wednesday42
76%
1903/04The Wednesday (2)47
76%
1928/29The Wednesday (3)52
76%
1920/21Burnley59
75%
1959/60Burnley (2)55
75%
1953/54Wolverhampton Wanderers57
74%
1957/58Wolverhampton Wanderers (2)64
74%
1958/59Wolverhampton Wanderers (3)61
74%
1888/89Preston North End40
72%
1889/90Preston North End (2)33
72%
1897/98Sheffield United42
71%
1971/72Derby County58
62%
1974/75Derby County (2)53
62%
1961/62Ipswich Town56
60%
1923/24Huddersfield Town57
59%
1924/25Huddersfield Town (2)58
59%
1925/26Huddersfield Town (3)57
59%
1919/20West Bromwich Albion60
56%
1948/49Portsmouth58
55%
1949/50Portsmouth (2)53
55%

Score Distribution

Percentile by Number Answered

Percent of People with Each Score

Your Score History

You have not taken this quiz